Statistiques concernant Films se déroulant à Monaco par images

Cliquez ici pour prendre le quiz!

Statistiques générales

  • Ce quiz a été pris 332 fois
    (8 depuis la dernière actualisation)
  • Le résultat moyen est 7 sur 16

Statistiques - réponses

Réponse% Correct
Iron Man 2
100%
Les Tuche
100%
Madagascar 3 : Bons Baisers d'Europe
88%
Coco
63%
GoldenEye
50%
La Coccinelle à Monte-Carlo
50%
L'Arnacoeur
50%
Grace de Monaco
38%
Le Transporteur : Héritage
38%
Hors de prix
25%
La Main au collet
25%
Cloclo
13%
La Fille de Monaco
13%
L'Homme-orchestre
13%
Nicky Larson et le Parfum de Cupidon
13%
Pourris gâtés
13%

Distribution des résultats

Percentile par nombre de réponses

% des personnes avec chaque résultat

Votre développement - résultats

Vous n’avez pas pris ce quiz depuis la dernière actualisation